000 01177cam a22003497a 4500
003 CHAP
005 20220329134213.0
008 971013s1988 r 00010 d
010 _a16931
011 _a17903
035 _a21987
040 _cCHAP
090 _aTesis
100 0 0 _aJaramillo Guevara, Leobardo.
_961119
245 1 4 _aLos cultivos de exportación y el capital trasnacional
260 _aChapingo, Méx., :
_bEl autor,
_c1988
300 _a155 h
502 _aTesis (Ing. Agr. Esp. en Sociología Rural) -- UACH. Departamento de Sociología Rural
590 _aALEPH
_b10
_c20130110
_lUCH01
_h1239
590 _aBATCH-UPD
_b10
_c20130109
_lUCH01
_h2331
590 _aBATCH-UPD
_b10
_c20130110
_lUCH01
_h1117
590 _aBATCH-UPD
_b10
_c20130410
_lUCH01
_h0708
590 _aBATCH-UPD
_b10
_c20130914
_lUCH01
_h0840
590 _aCONVERSION
_b10
_c20130109
_lUCH01
_h1310
650 1 4 _aCapital en agricultura.
_918710
650 1 4 _aEmpresas comerciales internacionales.
_936653
650 1 4 _aExportación e importación.
_939074
650 1 4 _aLegumbres
_xMercadeo.
_965740
901 _aBK
942 _cTESIS
949 _bBC
_cTES
_d-51168
_eTS1
_h20686
_i21987
_si
999 _c16931
_d16931